| 000 | 00777nam a22002297a 4500 | ||
|---|---|---|---|
| 003 | 0 | ||
| 005 | 20250923083646.0 | ||
| 008 | 250923b xxu||||| |||| 00| 0 eng d | ||
| 020 | _a978-93-5751-241-1 | ||
| 050 |
_aHD 1382.5 _b.B35 2025 |
||
| 100 |
_aBaker, Viva, _eauthor. |
||
| 245 |
_aFoundations of real estate financial modelling / _cViva Baker. |
||
| 250 | _aFirst edition. | ||
| 260 |
_aNew Delhi, India : _bRandom Publications LLP, _c2025. |
||
| 300 |
_aix, 300 pages : _billustrations ; _c24 cm. |
||
| 504 | _aIncludes bibliographical references and index. | ||
| 650 |
_aReal estate investment _xMathematical models. |
||
| 650 |
_aReal estate business _xFinance. |
||
| 650 | _aFinancial modeling. | ||
| 650 |
_aInvestments _xMathematical models. |
||
| 942 |
_2lcc _cBK |
||
| 999 |
_c368060 _d368060 |
||